000 01096nam0a2200301 4500
001 RU\NLR\bibl\835814
005 20260406145635.0
010 _a5-352-01083-X
_910000
021 _aRU
_b2005-44570
_92193
035 _a(NLR Aleph) 000824655
090 _a1322961
_c1322961
100 _a20050901d2005 |||y0rusy50 ca
101 1 _arus
_cfre
102 _aRU
105 _aa |||||||||
200 1 _aДневник гения
_fСальвадор Дали
_g[пер. с фр., коммент., Л. Цывьяна]
210 _aСанкт-Петербург
_cАзбука-классика
_d2005
215 _a280,[1] с.
_cил.
_d18
225 1 _aАзбука-Классика
600 1 _aДали
_bС.
_f1904 - 1989
_gСальвадор
_xДневники
_92333210
_3RU\NLR\auth\661395111
686 _aШ6(4Ис)67-49{Лх1569-45}
686 _aЩ143(4Ис)6-8Дали12
700 1 _4070
_7ca
_8rus
_aДали
_bС.
_f1904-1989
_gСальвадор
_9114715
_3RU\NLR\auth\774738
801 0 _aRU
_bNLR
_c20050901
_grcr
801 1 _aRU
_bNLR
_c20050901
942 _cBOOK
980 _aNB